| 000 | 01291nam a2200325Ia 4500 | ||
|---|---|---|---|
| 001 | ebr10326932 | ||
| 003 | CaPaEBR | ||
| 006 | m u | ||
| 007 | cr cn||||||||| | ||
| 008 | 970521s1997 enk sb 001 0 eng d | ||
| 010 | _z 97065425 | ||
| 020 | _z0803979231 | ||
| 020 | _z080397924X | ||
| 020 | _z9780803979239 | ||
| 040 |
_aCaPaEBR _cCaPaEBR |
||
| 035 | _a(OCoLC)464727931 | ||
| 050 | 1 | 4 |
_aP94.6 _b.C8535 1997eb |
| 245 | 0 | 0 |
_aCultural studies in question _h[electronic resource] / _cedited by Marjorie Ferguson and Peter Golding. |
| 260 |
_aLondon ; _aThousand Oaks, Calif. : _bSage Publications, _c1997. |
||
| 300 | _axxvii, 247 p. | ||
| 504 | _aIncludes bibliographical references (p. [227]-242) and index. | ||
| 533 |
_aElectronic reproduction. _bPalo Alto, Calif. : _cebrary, _d2009. _nAvailable via World Wide Web. _nAccess may be limited to ebrary affiliated libraries. |
||
| 650 | 0 |
_aMass media and culture _xStudy and teaching. |
|
| 650 | 0 |
_aPopular culture _xStudy and teaching. |
|
| 655 | 7 |
_aElectronic books. _2local |
|
| 700 | 1 | _aFerguson, Marjorie. | |
| 700 | 1 |
_aGolding, Peter, _d1947- |
|
| 710 | 2 | _aebrary, Inc. | |
| 856 | 4 | 0 |
_uhttp://site.ebrary.com/lib/rucke/Doc?id=10326932 _zAn electronic book accessible through the World Wide Web; click to view |
| 999 |
_c159744 _d159744 |
||